| 000 -LEADER |
| fixed length control field |
00751cam a2200241 a 4500 |
| 005 - DATE AND TIME OF LATEST TRANSACTION |
| control field |
20131009052055.0 |
| 008 - FIXED-LENGTH DATA ELEMENTS--GENERAL INFORMATION |
| fixed length control field |
881223s1987 nyua b 001 0 ger d |
| 020 ## - INTERNATIONAL STANDARD BOOK NUMBER |
| International Standard Book Number |
09368264 |
| 041 0# - LANGUAGE CODE |
| Language code of text/sound track or separate title |
ger |
| 080 ## - UNIVERSAL DECIMAL CLASSIFICATION NUMBER |
| Universal Decimal Classification number |
007.52 |
| 100 1# - Rafti |
| Rafti |
Ruocco, S. R. |
| 245 10 - TITLE STATEMENT |
| Title |
Sensoren und Wandler für Roboter / |
| Statement of responsibility, etc |
S.R. Ruocco. |
| 260 ## - |
| -- |
New York : |
| -- |
Halsted Press ; |
| -- |
Milton Keynes : |
| -- |
Open University Press, |
| -- |
1987. |
| 300 ## - |
| -- |
ix, 166 p. : |
| -- |
ill. ; |
| -- |
25 cm. |
| 490 1# - |
| -- |
Open University Press robotics series |
| 500 ## - |
| -- |
Vorwort f. : IV |
| 500 ## - |
| -- |
Includes index. |
| 504 ## - BIBLIOGRAPHY, ETC. NOTE |
| Bibliography, etc |
Bibliography: p. [160]-162. |
| 650 #0 - |
| -- |
Robotët |
| -- |
Pajisje dhe furnizime ; |
| 650 ## - |
| -- |
Automatët |
| 830 #0 - |
| -- |
Open University Press robotics series. |
| 942 ## - ADDED ENTRY ELEMENTS (KOHA) |
| Source of classification or shelving scheme |
|
| Item type |
Books |